[Event "Moscow Youth U19 2019"]
[Site "Moscow"]
[Date "2019.11.21"]
[Round "4.7"]
[White "Buniatyan, David"]
[Black "Orlov, Aleksandr"]
[Result "0-1"]
[WhiteElo "1960"]
[BlackElo "1965"]
[Annotator "NA"]
[PlyCount "82"]
[EventDate "2019.11.18"]
[EventType "swiss"]
[EventCountry "RUS"]
[SourceTitle "playchess.com"]
[Source "ChessBase"]
[SourceQuality "1"]
[TimeControl "5400+30"]

1. d4 {[%emt 0:00:00]} d5 {[%emt 0:00:00]} 2. Bf4 {[%emt 0:00:07]} Nf6 {[%emt 0:00:00]} 3. e3 {[%emt 0:00:31]} e6 {[%emt 0:00:00]} 4. Nf3 {[%emt 0:00:25]} Bd6 {[%emt 0:00:03]} 5. Bg3 {[%emt 0:00:29]} c5 {[%emt 0:00:07]} 6. c3 {[%emt 0:00:06]} Qc7 {[%emt 0:00:14]} 7. Nbd2 {[%emt 0:01:00]} O-O {[%emt 0:00:10]} 8. Bd3 {[%emt 0:00:35]} Nbd7 {[%emt 0:01:41]} 9. Qc2 {[%emt 0:17:31] D02: 1 d4 d5 2 Nf3 sidelines, including 2...Nf6 3 g3 and 2...Nf6 3 Bf4} e5 {[%emt 0:03:14]} 10. dxe5 {[%emt 0:00:54]} Nxe5 {[%emt 0:00:33]} 11. Nxe5 {[%emt 0:00:17]} Bxe5 {[%emt 0:00:09]} 12. Bh4 $146 {[%emt 0:12:07]} ({Predecessor:} 12. Nf3 Bxg3 13. hxg3 h6 14. c4 Be6 15. O-O Rfd8 16. Rac1 Rac8 17. cxd5 Nxd5 {½-½ (36) Vachier Lagrave,M (2779)-Dominguez Perez,L (2739) chess.com INT 2018}) 12... h6 {[%emt 0:13:10]} 13. Nf3 {[%emt 0:04:17]} Be6 {[%emt 0:09:15]} 14. O-O {[%emt 0:10:21]} Nd7 {[%emt 0:11:54]} 15. Nxe5 {[%emt 0:03:07]} Qxe5 {[%emt 0:00:30]} 16. f4 {[%emt 0:09:44]} Qh5 {[%emt 0:01:38]} 17. Bg3 {[%emt 0:03:47]} f5 {[%emt 0:00:22]} 18. c4 {[%emt 0:01:36]} dxc4 {[%emt 0:04:26]} 19. Bxc4 {[%emt 0:00:20]} Qf7 {[%emt 0:00:41]} 20. Bb5 {[%emt 0:03:57]} Rac8 {[%emt 0:01:33]} 21. e4 {[%emt 0:03:52]} fxe4 {[%emt 0:03:53]} 22. Qxe4 {[%emt 0:07:50]} Nf6 {[%emt 0:00:18]} 23. Qc2 {[%emt 0:00:33]} c4 {[%emt 0:00:35]} 24. Qe2 {[%emt 0:03:04]} a6 {[%emt 0:02:51]} 25. Ba4 {[%emt 0:00:16]} Bf5 {[%emt 0:03:37]} 26. Bc2 {[%emt 0:02:44]} Rfe8 {[%emt 0:01:31]} 27. Qd1 {[%emt 0:00:48]} Rcd8 {[%emt 0:01:11]} 28. Qb1 {[%emt 0:00:13]} Bd3 {[%emt 0:01:33]} 29. Rd1 {[%emt 0:00:55]} Qg6 {[%emt 0:01:03]} 30. Bxd3 {[%emt 0:00:32]} cxd3 {[%emt 0:00:07]} 31. a4 {[%emt 0:00:34]} Re2 {[%emt 0:01:07]} 32. Qa2+ {[%emt 0:02:03]} Kh8 {[%emt 0:00:28]} 33. Qc4 {[%emt 0:00:17]} Rxb2 {[%emt 0:04:48]} 34. Ra3 {[%emt 0:03:33]} Ng4 {[%emt 0:06:07]} 35. Re1 {[%emt 0:02:20]} Qb6+ {[%emt 0:04:17]} 36. Kh1 {[%emt 0:00:31]} d2 {[%emt 0:00:20]} 37. Rd1 {[%emt 0:00:30]} Ne3 {[%emt 0:00:20]} 38. Rxe3 {[%emt 0:00:28]} Qxe3 {[%emt 0:00:05]} 39. f5 {[%emt 0:00:11] [#]} Rb1 $1 {[%emt 0:00:43]} 40. Qf1 {[%emt 0:00:44]} Rxd1 {[%emt 0:00:09]} 41. Qxd1 {[%emt 0:00:02]} Rc8 {[%emt 0:00:10]} 0-1

[Event "Moscow Youth U19 2019"]
[Site "Moscow"]
[Date "2019.11.21"]
[Round "4.8"]
[White "Shlykov, Yaroslav"]
[Black "Miroshnik, Ekaterina"]
[Result "1-0"]
[WhiteElo "1623"]
[BlackElo "2127"]
[Annotator "ChessBase"]
[PlyCount "189"]
[EventDate "2019.11.18"]
[EventType "swiss"]
[EventCountry "RUS"]
[SourceTitle "playchess.com"]
[Source "ChessBase"]
[SourceQuality "1"]
[TimeControl "5400+30"]

1. d4 {[%emt 0:00:00]} e6 {[%emt 0:00:00]} 2. c4 {[%emt 0:00:00]} Nf6 {[%emt 0:00:00]} 3. Nf3 {[%emt 0:00:00]} d5 {[%emt 0:00:00]} 4. g3 {[%emt 0:00:00]} dxc4 {[%emt 0:00:05]} 5. Bg2 {[%emt 0:00:00]} Bd7 {[%emt 0:00:04]} 6. Ne5 {[%emt 0:00:38]} Bc6 {[%emt 0:00:06]} 7. Nxc6 {[%emt 0:00:49]} Nxc6 {[%emt 0:00:05]} 8. Bxc6+ {[%emt 0:00:59]} bxc6 {[%emt 0:00:05]} 9. Nc3 {[%emt 0:00:09]} Bb4 {[%emt 0:04:06]} 10. O-O {[%emt 0:01:59]} O-O {[%emt 0:00:17]} 11. Bg5 {[%emt 0:00:51]} Rb8 {[%emt 0:22:23]} 12. e4 {[%emt 0:06:01]} Be7 {[%emt 0:00:13]} 13. Qd2 {[%emt 0:06:43]} Qd7 {[%emt 0:13:37]} 14. Rad1 {[%emt 1:18:51]} Rfd8 {[%emt 0:01:25]} 15. Qe2 {[%emt 0:01:00]} h6 {[%emt 0:09:43]} 16. Bc1 {[%emt 0:00:43]} Bf8 {[%emt 0:11:06]} 17. a3 {[%emt 0:00:47]} c5 {[%emt 0:02:17]} 18. d5 {[%emt 0:03:36]} e5 {[%emt 0:04:35]} 19. f4 {[%emt 0:07:10]} exf4 {[%emt 0:00:00]} 20. gxf4 {[%emt 0:01:50]} Rb6 {[%emt 0:00:00]} 21. e5 {[%emt 0:03:16]} Re8 {[%emt 0:00:00]} 22. f5 {[%emt 0:03:58]} Bd6 {[%emt 0:00:00]} 23. e6 {[%emt 0:00:17]} fxe6 {[%emt 0:00:00]} 24. fxe6 {[%emt 0:58:34]} Qe7 {[%emt 0:00:00]} 25. Qg2 {[%emt 0:01:37]} Kh8 {[%emt 0:00:00]} 26. Ne4 {[%emt 0:01:26]} Be5 {[%emt 0:00:00]} 27. Ng3 {[%emt 0:26:34]} Bxg3 {[%emt 0:00:34]} 28. Qxg3 {[%emt 0:00:46]} Rb3 {[%emt 0:00:38]} 29. Qe5 {[%emt 0:05:03]} Rh3 {[%emt 0:01:04]} 30. Bf4 {[%emt 0:08:22]} Rh5 {[%emt 0:01:29]} 31. Qe2 {[%emt 0:02:15]} Rxd5 {[%emt 0:00:22]} 32. Rde1 {[%emt 0:00:46]} Rf5 {[%emt 0:01:36]} 33. Qxc4 {[%emt 0:00:40]} Nd5 {[%emt 0:00:51]} 34. Bg3 {[%emt 0:01:06]} Rxf1+ {[%emt 0:00:22]} 35. Qxf1 {[%emt 0:00:34]} Qf6 {[%emt 0:00:48]} 36. Qg2 {[%emt 0:00:47]} c6 {[%emt 0:00:34]} 37. Be5 {[%emt 0:01:15]} Qg5 {[%emt 0:00:26]} 38. Qxg5 {[%emt 0:13:24]} hxg5 {[%emt 0:00:02]} 39. Bd6 {[%emt 0:13:45]} c4 {[%emt 0:00:28]} 40. Re4 {[%emt 0:00:43]} c3 {[%emt 0:00:00]} 41. bxc3 {[%emt 0:00:42]} Nxc3 {[%emt 0:00:00]} 42. Re5 {[%emt 0:00:24]} Nb5 {[%emt 0:00:00]} 43. Bc5 {[%emt 0:00:26]} Kg8 {[%emt 0:01:05]} 44. e7 {[%emt 0:00:27]} Kf7 {[%emt 0:00:42]} 45. Rxg5 {[%emt 0:00:15]} a5 {[%emt 0:00:32]} 46. Rg3 {[%emt 0:02:10]} a4 {[%emt 0:00:30]} 47. Rg4 {[%emt 0:00:22]} Nc3 {[%emt 0:00:32]} 48. Rc4 {[%emt 0:01:00]} Nd5 {[%emt 0:00:15]} 49. Rxa4 {[%emt 0:00:11]} Ke6 {[%emt 0:00:40]} 50. Re4+ {[%emt 0:00:52]} Kf5 {[%emt 0:00:32]} 51. Re1 {[%emt 0:00:26]} Nf6 {[%emt 0:00:19]} 52. Rd1 {[%emt 0:00:29]} Nd5 {[%emt 0:01:23]} 53. a4 {[%emt 0:00:20]} Ke6 {[%emt 0:00:39]} 54. Re1+ {[%emt 0:00:47]} Kd7 {[%emt 0:00:12]} 55. Kf2 {[%emt 0:00:14]} Nf6 {[%emt 0:00:30]} 56. Rd1+ {[%emt 0:02:14]} Ke6 {[%emt 0:00:37]} 57. Kf3 {[%emt 0:10:30]} Ra8 {[%emt 0:00:41]} 58. Rd8 {[%emt 0:00:23]} Rxa4 {[%emt 0:00:08]} 59. e8=Q+ {[%emt 0:00:41]} Nxe8 {[%emt 0:00:03]} 60. Rxe8+ {[%emt 0:00:05]} Kf5 {[%emt 0:00:12]} 61. Rc8 {[%emt 0:01:03]} Ra6 {[%emt 0:00:57]} 62. Bd4 {[%emt 0:00:28]} Ra3+ {[%emt 0:01:03]} 63. Be3 {[%emt 0:00:40]} Rc3 {[%emt 0:00:28]} 64. Rc7 {[%emt 0:00:33]} g6 {[%emt 0:00:20]} 65. Ke2 {[%emt 0:00:25]} Rc2+ {[%emt 0:00:16]} 66. Bd2 {[%emt 0:00:03]} Kg4 {[%emt 0:00:26]} 67. Kd3 {[%emt 0:01:01]} Rc5 {[%emt 0:00:01]} 68. Rg7 {[%emt 0:00:40]} Rd5+ {[%emt 0:00:40]} 69. Ke2 {[%emt 0:00:36]} g5 {[%emt 0:01:00]} 70. Rg6 {[%emt 0:00:16]} c5 {[%emt 0:00:14]} 71. Be3 {[%emt 0:00:23]} Rf5 {[%emt 0:00:59]} 72. Rc6 {[%emt 0:00:47]} Kh3 {[%emt 0:00:13]} 73. Rh6+ {[%emt 0:00:05]} Kg4 {[%emt 0:01:00]} 74. h3+ {[%emt 0:00:15]} Kg3 {[%emt 0:00:05]} 75. Rh5 {[%emt 0:09:12]} Rf7 {[%emt 0:00:56]} 76. Bxg5 {[%emt 0:00:10]} c4 {[%emt 0:00:29]} 77. h4 {[%emt 0:00:12]} Kg4 {[%emt 0:00:09]} 78. Rh6 {[%emt 0:00:05]} Rc7 {[%emt 0:00:08]} 79. Kd2 {[%emt 0:00:05]} Rc8 {[%emt 0:00:49]} 80. Kc3 {[%emt 0:00:07]} Rc7 {[%emt 0:00:06]} 81. Rd6 {[%emt 0:00:05]} Kh5 {[%emt 0:00:19]} 82. Rd4 {[%emt 0:00:06]} Rc6 {[%emt 0:00:27]} 83. Rxc4 {[%emt 0:00:04]} Re6 {[%emt 0:00:07]} 84. Kd4 {[%emt 0:00:09]} Ra6 {[%emt 0:00:14]} 85. Ke5 {[%emt 0:00:06]} Ra5+ {[%emt 0:00:08]} 86. Kf4 {[%emt 0:00:07]} Ra1 {[%emt 0:00:41]} 87. Kf5 {[%emt 0:00:26]} Rf1+ {[%emt 0:00:09]} 88. Rf4 {[%emt 0:00:08]} Rg1 {[%emt 0:00:25]} 89. Bf6 {[%emt 0:14:17]} Rb1 {[%emt 0:00:53]} 90. Re4 {[%emt 0:00:31]} Rb5+ {[%emt 0:02:18]} 91. Re5 {[%emt 0:00:09]} Rb1 {[%emt 0:00:08]} 92. Ke6+ {[%emt 0:00:08]} Kh6 {[%emt 0:00:12]} 93. Kf7 {[%emt 0:00:30]} Rb7+ {[%emt 0:01:10]} 94. Be7 {[%emt 0:00:11]} Rb1 {[%emt 0:00:24]} 95. Bf8+ {[%emt 0:00:09]} 1-0

[Event "Moscow Youth U19 2019"]
[Site "Moscow"]
[Date "2019.11.21"]
[Round "4.9"]
[White "Kozhukhov, Alexandr"]
[Black "Nikolaev, Daniil"]
[Result "1-0"]
[WhiteElo "1627"]
[BlackElo "1867"]
[Annotator "NA"]
[PlyCount "71"]
[EventDate "2019.11.18"]
[EventType "swiss"]
[EventCountry "RUS"]
[SourceTitle "playchess.com"]
[Source "ChessBase"]
[SourceQuality "1"]
[TimeControl "5400+30"]

1. d4 {[%emt 0:03:03]} Nf6 {[%emt 0:00:00]} 2. Nf3 {[%emt 0:00:12]} e6 {[%emt 0:00:05]} 3. c4 {[%emt 0:00:34]} b6 {[%emt 0:00:08]} 4. g3 {[%emt 0:00:22]} Bb7 {[%emt 0:00:19]} 5. Bg2 {[%emt 0:00:12]} Bb4+ {[%emt 0:00:07]} 6. Bd2 {[%emt 0:00:10]} Bxd2+ {[%emt 0:00:32]} 7. Qxd2 {[%emt 0:00:42]} O-O {[%emt 0:01:34]} 8. Nc3 {[%emt 0:00:38]} d6 {[%emt 0:10:42]} 9. O-O {[%emt 0:04:07]} c5 {[%emt 0:05:49] E16: Queen's Indian: 4 g3 Bb7 5 Bg2 Bb4+} (9... Ne4 10. Nxe4 Bxe4 11. Nh4 {½-½ (11) Ortiz Suarez,I (2551)-Bruzon Batista,L (2643) Greensboro 2019}) 10. d5 {[%emt 0:00:17]} e5 {[%emt 0:01:20]} 11. e4 {[%emt 0:02:20]} Na6 $146 {[%emt 0:08:23]} ({Predecessor:} 11... a6 12. a4 Nbd7 13. Ne1 Ne8 14. Nd3 Nc7 15. f4 Qe7 16. Bh3 f6 {0-1 (62) Morchiashvili,B (2322)-Hayrapetyan,H (2476) Poti 2016}) 12. Ne1 {[%emt 0:03:43]} Nc7 {[%emt 0:02:27]} 13. a4 {[%emt 0:04:57]} a6 {[%emt 0:03:34]} 14. Nd3 {[%emt 0:03:57]} Qe8 {[%emt 0:25:16]} 15. f4 {[%emt 0:03:06]} Ng4 $2 {[%emt 0:01:16]} (15... Nd7 $16 16. b3 f6) 16. h3 {[%emt 0:01:44]} Nh6 {[%emt 0:01:09]} 17. fxe5 {[%emt 0:03:15]} dxe5 {[%emt 0:00:04]} 18. a5 {[%emt 0:00:09]} Qe7 {[%emt 0:06:54]} 19. axb6 {[%emt 0:00:13]} Ne8 {[%emt 0:00:04]} 20. Na4 {[%emt 0:00:18]} Nd6 {[%emt 0:04:35]} 21. Rac1 {[%emt 0:01:16]} f5 {[%emt 0:26:12]} 22. Naxc5 {[%emt 0:01:25]} fxe4 {[%emt 0:02:03]} 23. Nxe4 {[%emt 0:01:07]} Nhf5 {[%emt 0:00:34]} 24. Nxd6 {[%emt 0:01:10]} Qxd6 {[%emt 0:00:07]} 25. c5 {[%emt 0:00:33]} Qg6 {[%emt 0:05:50]} 26. g4 {[%emt 0:02:18]} Nh4 {[%emt 0:05:27]} 27. Nxe5 {[%emt 0:02:58]} Qe8 {[%emt 0:00:06]} 28. Rce1 {[%emt 0:00:36]} Nxg2 {[%emt 0:00:25]} 29. Qxg2 {[%emt 0:10:13]} Rxf1+ {[%emt 0:00:11]} 30. Qxf1 {[%emt 0:49:25]} Bxd5 {[%emt 0:00:07]} 31. c6 {[%emt 0:05:38]} Qe7 {[%emt 0:02:27]} 32. Qf2 {[%emt 0:02:22]} Qd6 {[%emt 0:01:17]} 33. b7 {[%emt 0:07:50]} Rf8 {[%emt 0:00:15]} 34. Qxf8+ {[%emt 0:00:50]} Kxf8 {[%emt 0:00:13]} 35. b8=Q+ {[%emt 0:00:09]} Qxb8 {[%emt 0:00:37]} 36. Nd7+ $18 {[%emt 0:00:06] Double Attack} 1-0

[Event "Moscow Youth U19 2019"]
[Site "Moscow"]
[Date "2019.11.21"]
[Round "4.10"]
[White "Sauri, Georgy"]
[Black "Talyzin, Valeriy"]
[Result "0-1"]
[WhiteElo "1494"]
[BlackElo "1829"]
[Annotator "NA"]
[PlyCount "106"]
[EventDate "2019.11.18"]
[EventType "swiss"]
[EventCountry "RUS"]
[SourceTitle "playchess.com"]
[Source "ChessBase"]
[SourceQuality "1"]
[TimeControl "5400+30"]

1. e4 {[%emt 0:02:00]} g6 {[%emt 0:00:00]} 2. d4 {[%emt 0:00:11]} Bg7 {[%emt 0:00:00]} 3. Nf3 {[%emt 0:00:07]} d6 {[%emt 0:00:00]} 4. Bc4 {[%emt 0:00:09]} Nf6 {[%emt 0:00:29]} 5. Qe2 {[%emt 0:01:23]} c6 {[%emt 0:00:08]} 6. c3 {[%emt 0:00:05]} O-O {[%emt 0:00:12]} 7. Bg5 {[%emt 0:00:26] B06: Modern Defence} (7. Nbd2 Qc7 8. O-O e5 9. dxe5 dxe5 10. Rd1 Nbd7 11. a4 h6 12. b4 Re8 13. Ba2 Nf8 14. Nc4 Be6 {½-½ (39) Hoang,T (2455)-Seres,L (2448) Budapest 2004}) 7... b5 $146 {[%emt 0:01:14]} ({Predecessor:} 7... h6 8. Bf4 d5 9. exd5 Nxd5 10. Be5 Bg4 11. Bxd5 Qxd5 12. Nbd2 Bxe5 13. Qxe5 Nd7 14. Qxd5 cxd5 15. O-O Bxf3 16. Nxf3 e6 17. Rfe1 Rfc8 {½-½ (17) Bitowt,J (1822)-Starczewska,M (1817) Warsaw 2013}) 8. Bd3 {[%emt 0:00:52]} Nbd7 {[%emt 0:01:22]} 9. O-O {[%emt 0:01:21]} Rb8 {[%emt 0:01:12]} 10. b4 {[%emt 0:05:18]} e5 {[%emt 0:05:41]} 11. Nbd2 {[%emt 0:02:25]} h6 {[%emt 0:02:15]} 12. Bxf6 {[%emt 0:03:28]} Bxf6 {[%emt 0:00:35]} 13. Rac1 {[%emt 0:00:39]} Bg7 {[%emt 0:01:08]} 14. Rfd1 {[%emt 0:02:52]} f5 {[%emt 0:06:19]} 15. Nf1 {[%emt 0:05:07]} Qe7 {[%emt 0:02:30]} 16. Ne3 {[%emt 0:13:32]} exd4 {[%emt 0:07:52]} 17. Nxd4 {[%emt 0:00:20]} Bxd4 {[%emt 0:00:03]} 18. cxd4 {[%emt 0:00:22]} fxe4 {[%emt 0:00:04]} 19. Bc2 {[%emt 0:00:19]} d5 {[%emt 0:00:20]} 20. Bb3 {[%emt 0:00:57]} Bb7 {[%emt 0:02:00]} 21. Qg4 {[%emt 0:02:47]} Kh7 {[%emt 0:00:33]} 22. Qh3 {[%emt 0:03:45]} Nf6 {[%emt 0:10:39]} 23. Ng4 {[%emt 0:00:39]} Nxg4 {[%emt 0:00:09]} 24. Qxg4 {[%emt 0:00:05]} Rf7 {[%emt 0:09:43]} 25. Rc3 {[%emt 0:01:55]} Rbf8 {[%emt 0:00:17]} 26. Rf1 {[%emt 0:00:13]} e3 {[%emt 0:02:39]} 27. Bc2 {[%emt 0:00:16]} exf2+ $19 {[%emt 0:00:55]} 28. Kh1 {[%emt 0:00:05]} Qg5 {[%emt 0:01:50]} (28... Rg7 $19 {is more deadly.} 29. Bd3 Qxb4) 29. Qxg5 {[%emt 0:04:00]} hxg5 {[%emt 0:00:07]} 30. Bd1 {[%emt 0:00:57]} Re7 {[%emt 0:00:47]} 31. g3 {[%emt 0:00:54]} Bc8 {[%emt 0:02:24]} 32. Kg2 {[%emt 0:01:05]} Re1 {[%emt 0:00:44]} 33. g4 {[%emt 0:00:06]} Rf4 {[%emt 0:01:36]} 34. Rd3 {[%emt 0:06:11]} Ree4 {[%emt 0:11:49]} 35. Ra3 {[%emt 0:07:08]} Rxd4 {[%emt 0:01:26]} 36. Rxa7+ {[%emt 0:00:11]} Kh6 {[%emt 0:00:05]} 37. h3 {[%emt 0:01:53]} Rf8 {[%emt 0:19:01]} 38. a3 {[%emt 0:03:19]} Rdf4 {[%emt 0:01:19]} 39. Rc7 {[%emt 0:02:21]} d4 {[%emt 0:00:08]} 40. Bc2 {[%emt 0:01:58]} Be6 {[%emt 0:00:18]} 41. Kh2 {[%emt 0:01:10]} Bc4 {[%emt 0:00:38]} 42. Rxc6 {[%emt 0:01:20]} d3 {[%emt 0:02:19]} 43. Bb1 {[%emt 0:00:05]} R4f6 {[%emt 0:00:54]} 44. Rxf6 {[%emt 0:00:19]} Rxf6 {[%emt 0:00:04]} 45. Kg3 {[%emt 0:00:04]} d2 {[%emt 0:00:07]} 46. a4 {[%emt 0:01:23]} Bxf1 {[%emt 0:00:39]} 47. a5 {[%emt 0:00:05]} Bc4 {[%emt 0:00:05]} 48. a6 {[%emt 0:00:10]} Bd5 {[%emt 0:00:04]} 49. Bd3 {[%emt 0:00:08]} f1=N+ {[%emt 0:00:17]} 50. Bxf1 {[%emt 0:00:10]} Rxf1 {[%emt 0:00:04]} 51. a7 {[%emt 0:00:05]} d1=Q {[%emt 0:00:19]} 52. a8=Q {[%emt 0:00:06]} Qf3+ {[%emt 0:00:12]} 53. Kh2 {[%emt 0:00:04]} Rh1# {[%emt 0:00:05]} 0-1

[Event "Moscow Youth U19 2019"]
[Site "Moscow"]
[Date "2019.11.22"]
[Round "5.1"]
[White "Pavlov, Danila"]
[Black "Makarian, Rudik"]
[Result "0-1"]
[WhiteElo "2369"]
[BlackElo "2405"]
[Annotator "NA"]
[PlyCount "164"]
[EventDate "2019.11.18"]
[EventType "swiss"]
[EventCountry "RUS"]
[SourceTitle "playchess.com"]
[Source "ChessBase"]
[SourceQuality "1"]
[TimeControl "5400+30"]

1. e4 {[%emt 0:00:00]} e5 {[%emt 0:00:00]} 2. Nf3 {[%emt 0:00:00]} Nc6 {[%emt 0:00:00]} 3. Bb5 {[%emt 0:00:00]} Nf6 {[%emt 0:00:00]} 4. O-O {[%emt 0:00:00]} Nxe4 {[%emt 0:00:06]} 5. d4 {[%emt 0:00:10]} Nd6 {[%emt 0:00:05]} 6. Bxc6 {[%emt 0:00:04]} dxc6 {[%emt 0:00:04]} 7. dxe5 {[%emt 0:00:03]} Nf5 {[%emt 0:00:04]} 8. Qxd8+ {[%emt 0:00:04]} Kxd8 {[%emt 0:00:30]} 9. Rd1+ {[%emt 0:01:33]} Ke8 {[%emt 0:00:00]} 10. b3 {[%emt 0:02:37]} Be7 {[%emt 0:00:09]} 11. Bb2 {[%emt 0:04:44]} Nh4 {[%emt 0:04:08]} 12. Nxh4 {[%emt 0:05:04]} Bxh4 {[%emt 0:00:03]} 13. Nd2 {[%emt 0:01:01]} Be7 {[%emt 0:01:33]} 14. Nc4 {[%emt 0:06:33]} Be6 {[%emt 0:09:46]} 15. Ne3 {[%emt 0:05:42]} Bg5 {[%emt 0:07:14]} 16. Bd4 {[%emt 0:10:21]} b6 {[%emt 0:02:58]} 17. b4 {[%emt 0:00:07]} a5 {[%emt 0:09:08]} 18. a3 {[%emt 0:00:05]} Ke7 {[%emt 0:00:45]} 19. Kf1 {[%emt 0:25:45]} Rhd8 {[%emt 0:05:22]} 20. Ke2 {[%emt 0:00:46]} Bxe3 {[%emt 0:18:02]} 21. Kxe3 {[%emt 0:02:37]} Bf5 {[%emt 0:00:47]} 22. c4 {[%emt 0:04:19]} Be6 {[%emt 0:07:40]} 23. c5 {[%emt 0:02:54]} b5 {[%emt 0:00:15]} 24. Bc3 {[%emt 0:01:59]} axb4 {[%emt 0:04:31]} 25. axb4 {[%emt 0:00:38]} Rxd1 {[%emt 0:07:26]} 26. Rxd1 {[%emt 0:00:49]} Bd5 {[%emt 0:01:10]} 27. g3 {[%emt 0:02:17]} Ke6 {[%emt 0:00:31]} 28. Ra1 {[%emt 0:00:11]} Ba2 {[%emt 0:01:14]} 29. Rd1 {[%emt 0:01:17]} Ra3 {[%emt 0:00:19]} 30. Kd4 {[%emt 0:00:36]} Bd5 {[%emt 0:01:14]} 31. Ra1 {[%emt 0:01:16]} Ra4 {[%emt 0:00:04]} 32. h4 {[%emt 0:04:05]} Bf3 {[%emt 0:01:47]} 33. Ke3 {[%emt 0:00:41]} Bd5 {[%emt 0:00:05]} 34. Kd4 {[%emt 0:00:14]} Bg2 {[%emt 0:00:35]} 35. Rg1 {[%emt 0:01:29]} Bf3 {[%emt 0:00:47]} 36. Ra1 {[%emt 0:00:29]} Bd5 {[%emt 0:01:39]} 37. Rd1 {[%emt 0:01:39]} g6 {[%emt 0:01:13]} 38. Ra1 {[%emt 0:00:16]} Bb3 {[%emt 0:00:46]} 39. Rb1 {[%emt 0:00:45]} Ba2 {[%emt 0:00:21]} 40. Rd1 {[%emt 0:03:00]} Ra8 {[%emt 0:00:29]} 41. Ke3 {[%emt 0:00:09]} Bb3 {[%emt 0:17:40]} 42. Rb1 {[%emt 0:01:16]} Bc2 {[%emt 0:00:00]} 43. Rc1 {[%emt 0:00:23]} Bf5 {[%emt 0:00:00]} 44. Rd1 {[%emt 0:01:09]} Bc2 {[%emt 0:00:00]} 45. Rc1 {[%emt 0:00:07]} Ba4 {[%emt 0:00:00]} 46. Ke4 {[%emt 0:04:00]} h5 {[%emt 0:00:00]} 47. Bd4 {[%emt 0:01:32]} Rd8 {[%emt 0:00:00]} 48. Rc3 {[%emt 0:01:40]} Bd1 {[%emt 0:00:00]} 49. Ra3 {[%emt 0:04:57]} Bc2+ {[%emt 0:00:00]} 50. Ke3 {[%emt 0:00:05]} Kd5 {[%emt 0:00:00]} 51. Bb2 {[%emt 0:03:19]} Bf5 {[%emt 0:00:00]} 52. Rc3 {[%emt 0:00:40]} Ra8 {[%emt 0:00:00]} 53. Ba3 {[%emt 0:00:01]} Kxe5 {[%emt 0:00:00]} 54. f3 {[%emt 0:00:06]} Kd5 {[%emt 0:00:00]} 55. Kf4 {[%emt 0:00:23]} Kd4 {[%emt 0:00:00]} 56. Re3 {[%emt 0:01:00]} Kc4 {[%emt 0:00:00]} 57. g4 {[%emt 0:00:08]} Bd3 {[%emt 0:00:00]} 58. Bc1 {[%emt 0:00:48]} Ra2 {[%emt 0:00:17]} 59. Kg5 {[%emt 0:00:09]} Rc2 {[%emt 0:02:13]} 60. Ba3 {[%emt 0:00:53]} Rg2 {[%emt 0:02:17]} 61. Kf4 {[%emt 0:00:34]} Ra2 {[%emt 0:00:31]} 62. Bc1 {[%emt 0:00:06]} Rc2 {[%emt 0:00:03]} 63. Ba3 {[%emt 0:00:12]} Rc3 {[%emt 0:00:20]} 64. Bb2 {[%emt 0:00:05]} Rb3 {[%emt 0:00:04]} 65. Bf6 {[%emt 0:00:11]} Rxb4 {[%emt 0:00:39]} 66. Kg5 {[%emt 0:00:07]} hxg4 {[%emt 0:00:40]} 67. fxg4 {[%emt 0:00:04]} Rb1 {[%emt 0:00:09]} 68. Re7 {[%emt 0:00:37]} Kxc5 {[%emt 0:00:20]} 69. Rxc7 {[%emt 0:00:06]} Rg1 {[%emt 0:01:15]} 70. Rxf7 {[%emt 0:00:20]} Bf5 {[%emt 0:02:05]} 71. Be7+ {[%emt 0:00:39]} Kd5 {[%emt 0:00:13]} 72. Rxf5+ {[%emt 0:01:51]} gxf5 {[%emt 0:00:04]} 73. Kxf5 {[%emt 0:00:01]} Rf1+ {[%emt 0:02:39]} 74. Kg6 {[%emt 0:00:02]} Ke6 {[%emt 0:00:04]} 75. Ba3 {[%emt 0:00:07]} Rf4 {[%emt 0:01:08]} 76. Kg5 {[%emt 0:00:27]} b4 {[%emt 0:00:20]} 77. Bb2 {[%emt 0:01:13]} Rf2 {[%emt 0:00:08]} 78. Ba1 {[%emt 0:00:04]} Kf7 {[%emt 0:00:33]} 79. h5 {[%emt 0:00:04]} b3 {[%emt 0:00:06]} 80. h6 {[%emt 0:00:15]} b2 {[%emt 0:00:11]} 81. h7 {[%emt 0:00:03]} bxa1=Q {[%emt 0:01:01]} 82. h8=Q {[%emt 0:04:57]} Rf5+ {[%emt 0:00:16]} 0-1